Deer Lake Regional Airport Destinations (Deer Lake, Canada) - Statistics

General Stats
  • This quiz has been taken 25 times
    14 since last reset
  • The average score is 5 of 10
Answer Stats
Airline Destination % Correct
Air Canada Express Montréal (Trudeau)
92%
Air Canada Rouge/Porter Airlines Toronto (Pearson)
92%
Air Canada Express/Porter Airlines Halifax
77%
WestJet Calgary
69%
PAL Airlines St. John's
62%
PAL Airlines Moncton
54%
PAL Airlines Gander
31%
PAL Airlines Goose Bay
31%
PAL Airlines St. Anthony
8%
PAL Airlines Wabush
8%
No matching quizzes found
Score Distribution
Percent of People with Each Score
Percentile by Number Answered
Your Score History
You have not taken this quiz since the last reset